[Event "ESP-ch Seniors 2017"]
[Site "Altea"]
[Date "2017.10.15"]
[Round "9"]
[White "Simon Padros, Emili"]
[Black "Suba, Mihai"]
[Result "1/2-1/2"]
[WhiteElo "2153"]
[BlackElo "2315"]
[Annotator "TA"]
[PlyCount "92"]
[EventDate "2017.??.??"]
[EventType "swiss"]
[EventCountry "ESP"]
[SourceTitle "playchess.com"]
[Source "ChessBase"]
[SourceQuality "1"]

{[%evp 27,92,62,70,43,59,39,57,24,69,68,70,67,101,46,52,50,56,25,27,28,66,68,59,59,59,59,66,63,65,0,0,0,0,0,0,0,0,0,32,38,54,54,47,53,56,39,33,0,0,0,0,0,0,0,0,0,0,0,0,0,0,0,0,0,0,0,0]} 1. e4 c5 2. Nc3 g6 3. g3 Bg7 4. Bg2 Nc6 5. f4 d6 6. d3 e6 7. Nf3 Nge7 8. O-O O-O 9. Be3 Nd4 10. e5 Nef5 11. Bf2 Rb8 12. Ne4 {B25: Closed Sicilian: 3 g3, lines without early Be3} dxe5 13. Nxe5 f6 14. Nc4 b6 $1 {LiveBook: 5 Games} 15. c3 (15. a4 Bd7 16. b4 Qc7 17. bxc5 bxc5 18. c3 {½-½ (126) Alonso Moyano,J (2404)-Ljubojevic,L (2571) Linares 2017}) 15... Nb5 $1 16. Re1 Nbd6 17. g4 $146 ({Predecessor:} 17. Ncxd6 Nxd6 18. Nxd6 Qxd6 19. d4 c4 {1-0 (32) Samolins,V (2426)-Kuusk,A (2171) Tartu 2010}) 17... Nxc4 18. dxc4 Nh6 19. g5 {[#] Qxd8 is the strong threat.} fxg5 20. Qxd8 ({Don't play} 20. fxg5 $6 Nf5 $11) (20. Nxg5 $16 Qc7 21. Nxe6 Bxe6 22. Rxe6) 20... Rxd8 $14 21. Nxg5 ({But not} 21. fxg5 Nf5 $11) 21... Nf5 22. Re2 Ba6 23. Nxe6 Bxc4 24. Nxd8 Bxe2 25. Bd5+ Kf8 26. Ne6+ Ke7 27. Re1 Kd6 28. c4 (28. Bb3 $14 c4 29. Nxg7 Nxg7 30. Bd4 (30. Rxe2 cxb3 31. axb3 Rf8 $14) 30... cxb3 31. axb3 (31. Bxg7 Rb7 $14)) 28... Bg4 $11 29. Nxg7 Nxg7 30. Bh4 Re8 31. Rxe8 Nxe8 {[%mdl 4096] Endgame KBB-KBN} 32. Bg8 Be6 33. Bxh7 Bf7 {[#] Hoping for ...Ke6.} 34. f5 $1 gxf5 35. Bxf5 Bxc4 36. Bg6 Kd7 37. Bxe8+ (37. b3 {keeps more tension.} Bd5 38. Bg3 Nf6 39. h4 Be4 40. Bxe4 Nxe4 41. Kg2) 37... Kxe8 $14 {KB-KB. The position is equal.} 38. a3 Bf7 39. Kf2 Kd7 40. Ke3 Kc6 41. Kd3 Kb5 42. Kc3 Ka4 43. Be7 a5 44. b4 Kxa3 45. bxa5 bxa5 46. Bxc5+ Ka4 {Precision: White = 62%, Black = 69%.} 1/2-1/2

[Event "ESP-ch Seniors 2017"]
[Site "Altea"]
[Date "2017.10.15"]
[Round "9"]
[White "Fos Santacreu, Juan Andres"]
[Black "Lopez Colon, Francisco"]
[Result "0-1"]
[WhiteElo "2140"]
[BlackElo "1938"]
[Annotator "TA"]
[PlyCount "71"]
[EventDate "2017.??.??"]
[EventType "swiss"]
[EventCountry "ESP"]
[SourceTitle "playchess.com"]
[Source "ChessBase"]
[SourceQuality "1"]

{[%evp 9,71,-1,30,7,-4,-15,-7,-6,0,-24,-25,-48,-69,-72,-71,-59,-65,-78,-58,-128,-134,-122,-117,-130,-124,-154,-126,-189,-137,-199,-199,-199,-197,-197,-189,-194,-184,-183,-195,-250,-262,-274,-188,-188,-185,-186,-183,-179,-192,-175,-178,-178,-178,-175,-175,-152,-134,-158,-117,-154,-137,-153,-155,-192]} 1. e4 c5 2. Nf3 {[%cal Bg1f3,Bf3d4,Bd4b5][%mdl 32]} d6 3. d4 cxd4 4. Nxd4 Nf6 5. Bd3 e5 {LiveBook: 10 Games} (5... Nc6 6. Nxc6 bxc6 7. c4 g6 8. Nc3 Bg7 9. O-O O-O 10. Qc2 Nd7 11. Bd2 Ne5 12. Be2 c5 13. Be3 Nc6 14. Qd2 Re8 15. Rfd1 Bb7 16. Bd3 Qa5 17. a3 Bxc3 18. bxc3 {0-1 (63) Sysolyatin,E (2289)-Sakaev,K (2594) Minsk 2015}) 6. Nb5 {B55: Sicilian: 2...d6 3 d4 cxd4 4 Nxd4 Nf6 5 f3} a6 7. N5c3 Be6 8. O-O {The position is equal.} Be7 9. Ne2 $146 ({Predecessor:} 9. Nd2 Qc7 10. Nb3 Nbd7 11. Bg5 h6 12. Bh4 Nxe4 13. Bxe7 Nxc3 14. Bxd6 Nxd1 15. Bxc7 Nxb2 {½-½ (52) Maslov,A (2185)-Zaytsev,Y (2076) Zelenograd 2014}) 9... d5 10. Nd2 Nc6 $36 {[%mdl 2048] Black fights for an advantage.} 11. c3 O-O 12. exd5 Nxd5 13. Re1 Qd7 14. Ne4 (14. Nf3 $15) 14... h6 $17 15. Bb1 f5 {[%cal Bf7f5,Bf5f4][%mdl 32]} 16. N4g3 Rad8 17. Nf1 f4 18. Be4 (18. c4 $17 {is a better defense.} Nc7 19. Qxd7 Rxd7 20. Nc3) 18... Bf5 (18... Qc8 $19 {Hoping for ...Ne3.} 19. Nd2 Nf6) 19. Qc2 (19. Nd2 $17 {was necessary.}) 19... Bxe4 $19 20. Qxe4 Nf6 21. Qc2 Bc5 {Threatens to win with ...Ng4.} 22. Nd2 Qd3 23. Qxd3 Rxd3 24. h3 (24. a3 $142) 24... Rfd8 25. b4 Nxb4 ({Worse is} 25... Rxd2 26. Bxd2 Bxf2+ 27. Kxf2 $11) 26. cxb4 Bxb4 27. Nf3 {[#]} Rxf3 $1 28. gxf3 {Rf1 is the strong threat.} Bxe1 29. Bxf4 {[#]} Bxf2+ $1 {[%mdl 512]} 30. Kxf2 exf4 31. Nxf4 {KRN-KRN} Rd2+ 32. Ke3 Rb2 33. Nd3 Rh2 34. a4 Rxh3 35. Rb1 Rh4 36. Nc5 {Precision: White = 45%, Black = 77%.} 0-1

[Event "ESP-ch Seniors 2017"]
[Site "Altea"]
[Date "2017.10.15"]
[Round "9"]
[White "Dominguez Rueda, Juan"]
[Black "Sarto Ramos, Angel"]
[Result "1/2-1/2"]
[WhiteElo "2135"]
[BlackElo "1909"]
[Annotator "TA"]
[PlyCount "21"]
[EventDate "2017.??.??"]
[EventType "swiss"]
[EventCountry "ESP"]
[SourceTitle "playchess.com"]
[Source "ChessBase"]
[SourceQuality "1"]

{[%evp 9,21,12,38,32,23,21,21,5,16,16,22,18,23,-81]} 1. e4 Nc6 2. d4 d5 3. e5 Bf5 4. c3 e6 5. f4 h5 6. Nf3 {B00: Queen's Fianchetto Defence, Nimzowitsch Defence} Be7 7. Be3 Nh6 8. Bd3 (8. Nbd2 h4 9. h3 Bg6 10. Be2 Nf5 11. Bf2 {½-½ (11) Fogarasi,T (2425)-Papp,G (2425) Budapest 2007}) 8... Bxd3 9. Qxd3 Nf5 10. Bf2 g5 $146 ({Predecessor:} 10... Qd7 11. Nbd2 a5 12. Nb3 b6 13. O-O {0-1 (36) Madolimov,D-Simmelink,J LSS email 2007}) 11. Qd1 (11. fxg5 $11 {keeps the balance.} Bxg5 12. Nbd2) 1/2-1/2

[Event "ESP-ch Seniors 2017"]
[Site "Altea"]
[Date "2017.10.15"]
[Round "9"]
[White "Pastor Alonso De Prado, Alberto"]
[Black "Serra Olives, Tomas"]
[Result "0-1"]
[WhiteElo "2131"]
[BlackElo "2146"]
[Annotator "TA"]
[PlyCount "83"]
[EventDate "2017.??.??"]
[EventType "swiss"]
[EventCountry "ESP"]
[SourceTitle "playchess.com"]
[Source "ChessBase"]
[SourceQuality "1"]

{[%evp 9,83,0,57,15,43,32,63,50,68,-41,-35,-47,-51,-35,43,-106,-96,-157,-135,-125,-142,-131,-137,-129,-134,-142,-131,-251,-251,-570,-299,-273,-167,-719,-268,-222,-45,-859,-852,-790,-750,-741,-322,-310,-236,-235,-218,-145,442,448,445,435,443,324,540,542,574,569,619,546,512,397,437,431,452,446,616,614,5745,1714,1670,1422,1277,1269,901,895]} 1. e4 e5 2. f4 exf4 3. Nf3 Ne7 4. Nc3 (4. Bb5 c6 5. Ba4 d5 6. Qe2 d4 7. Bb3 Ng6 8. Qc4 Qe7 9. Qxd4 c5 10. Qd3 Nc6 11. O-O Be6 {0-1 (30) Svidler,P (2762)-Bacrot,E (2702) Porto Vecchio 2016}) 4... Nbc6 5. d4 Ng6 (5... d5 $11) 6. Bc4 {C34: King's Gambit Accepted: 3 Nf3: 3...Nf6 and 3...d6} Be7 7. O-O d6 8. Nd5 {White is slightly better.} Be6 $146 {[%cal Bc8e6,Be6c4,Bc4a6][%mdl 32]} ({Predecessor:} 8... O-O 9. Nxf4 Bg4 10. Nxg6 hxg6 11. c3 Bf6 12. h3 Bxf3 13. Qxf3 Qd7 14. Qg3 Rae8 15. Rxf6 gxf6 16. Qxg6+ Kh8 17. Qxf6+ Kh7 18. Qh4+ Kg6 19. Qh6# {1-0 (19) Kavcic,J (1904)-Tavcar,R (2112) Ljubljana 2006}) 9. Nxe7 (9. Qe2 $14) 9... Bxc4 $15 10. Nxg6 hxg6 11. Rf2 g5 (11... Qf6 $15 12. b3 Be6) 12. b3 (12. d5 $1 $14 {was forced to keep a grip.} Ne5 13. Qd4) 12... Ba6 $17 13. h4 (13. c4 $142) 13... Qe7 (13... gxh4 14. Bxf4 h3 15. d5 $11) 14. hxg5 Qxe4 15. c4 O-O-O $1 16. Re2 Qf5 17. Qd2 d5 $40 {[%mdl 128] White is in trouble.} 18. Ne5 {[#]} (18. Qxf4 $17 {was called for.} Qxf4 19. Bxf4) 18... f3 $1 {[%mdl 512]} 19. Nxc6 $2 (19. Nxf3 dxc4 20. Re1) 19... bxc6 20. Rf2 Rh4 (20... dxc4 21. Rxf3 Qd5 22. Qf2 $17) 21. Qa5 $2 (21. Rxf3 Qh7 22. Kf2) 21... Rdh8 $2 (21... Bb7 22. Rxf3 Qe4 23. Be3 $19) (21... Qe4 22. Qxa6+ Kb8 23. Rxf3 Qxd4+ 24. Be3 Qxa1+ 25. Kf2 d4) 22. Rxf3 $19 {[#]} (22. Qxa6+ $2 Kb8 $19) 22... Qc2 $2 ({Worse is} 22... Rh1+ 23. Kf2 $11) ({Black should try} 22... Qe4 $1 $19 23. Kf2 (23. Qxa6+ $2 Kd8 $19) 23... Rg4) 23. Rh3 $2 {[%mdl 8192]} (23. Bd2 $15 Qb2 24. Kf2 Qxd4+ 25. Be3 Qb2+ 26. Bd2) 23... Qd1+ 24. Kf2 Qxd4+ 25. Be3 Rf4+ ({Less strong is} 25... Qxa1 26. Rxh4 Rxh4 27. Qxa6+ Kd7 28. cxd5 $17) (25... Qb2+ $142 26. Bd2 Rxh3 27. gxh3 Qxa1 28. Qxa6+ Kd7 29. cxd5 Qd4+ 30. Be3 Qxd5) 26. Ke2 Re8 27. Qxa6+ Kd7 {( -> ...Qb2+)} 28. Rd1 {[#]} Qe5 $2 {[%mdl 8192]} (28... Qe4 $1 $17 {[%cal Re4g2]} 29. Rg3 Rg4 30. cxd5 Qc2+ 31. Rd2 Rxe3+ 32. Rxe3 Rxg2+ 33. Kf3 Rxd2 34. Qxc6+ Qxc6 35. dxc6+ Kd6) 29. cxd5 $18 cxd5 {Now ...d4 and Black clings on.} 30. Qb5+ c6 31. Qc5 Re4 $2 (31... d4 32. Qxe5 (32. Qxa7+ Kc8 $14) 32... Rxe5) 32. Qxa7+ Kc8 {intending ...d4.} 33. Qa6+ Kc7 {[%cal Re4e3]} 34. Qa5+ Kd7 {[%cal Re4e3]} 35. Rd3 Qxg5 36. Qa7+ {White is clearly winning.} Kc8 37. Kf2 Qf5+ 38. Rf3 Qg6 39. Rxf7 (39. Qa6+ $142 Kc7 40. Qb6+ Kd7 41. Qb7+ Kd6 42. Rc3) 39... R4e7 40. Qa8+ Kd7 41. Qb7+ Ke6 42. Rxe7+ {[%mdl 32768] Precision: White = 39%, Black = 31%. . Loss on Time!?} 0-1

[Event "ESP-ch Seniors 2017"]
[Site "Altea"]
[Date "2017.10.15"]
[Round "9"]
[White "Acebal Muniz, Antonio"]
[Black "Cantero Navarro, Antonio"]
[Result "1/2-1/2"]
[WhiteElo "2091"]
[BlackElo "2153"]
[Annotator "TA"]
[PlyCount "19"]
[EventDate "2017.??.??"]
[EventType "swiss"]
[EventCountry "ESP"]
[SourceTitle "playchess.com"]
[Source "ChessBase"]
[SourceQuality "1"]

{[%evp 17,19,27,37,-236]} 1. Nf3 d5 2. d4 Nf6 3. c4 e6 4. Nc3 c6 5. e3 {[%cal Be2e3,Be3e4][%mdl 32]} Nbd7 6. Bd3 a6 7. e4 dxc4 8. Bxc4 b5 9. Bd3 b4 {LiveBook: 15 Games} 10. Ng1 $146 {[%mdl 8192] D48: Semi-Slav: Meran System: 7...b5 8 Bd3 a6} (10. e5 $14 {keeps the upper hand.}) ({Predecessor:} 10. Na4 c5 11. e5 Nd5 12. dxc5 Nxc5 13. Nxc5 Bxc5 14. O-O h6 15. Bd2 Bb7 16. Rc1 Qb6 17. Rc4 Rd8 18. Qc2 Be7 19. Rg4 g5 20. Rc4 Rg8 21. Rc1 Rf8 22. Be2 Rg8 23. h3 f5 {½-½ (23) Vera Gonzalez Quevedo,R (2495)-Adly,A (2551) Los Llanos de Aridane 2008}) 1/2-1/2

[Event "ESP-ch Seniors 2017"]
[Site "Altea"]
[Date "2017.10.15"]
[Round "9"]
[White "Ramos Ferrandiz, Juan Carlos"]
[Black "Sabater Sanchez, Asensio"]
[Result "0-1"]
[WhiteElo "2073"]
[BlackElo "2149"]
[Annotator "TA"]
[PlyCount "52"]
[EventDate "2017.??.??"]
[EventType "swiss"]
[EventCountry "ESP"]
[SourceTitle "playchess.com"]
[Source "ChessBase"]
[SourceQuality "1"]

{[%evp 16,52,10,12,14,6,0,0,16,10,16,17,9,7,12,12,12,13,21,18,27,0,5,0,0,0,24,0,0,0,2,-13,21,0,50,-214,-216,-774,-779]} 1. d4 Nf6 2. Nf3 b6 3. c4 e6 4. g3 Bb7 5. Bg2 Be7 6. O-O O-O 7. Nc3 Ne4 8. Nxe4 Bxe4 9. Ne5 Bxg2 {E18: Queen's Indian: Old Main Line (4 g3 Bb7 5 Bg2 Be7 6 0-0 0-0 7 Nc3)} 10. Kxg2 d5 (10... d6 11. Nf3 Nd7 12. e4 c5 13. b3 cxd4 14. Nxd4 Qc7 15. Bb2 Qb7 16. Qf3 Rab8 17. Rad1 {½-½ (30) Onischuk,A (2699)-Nakamura,H (2733) Saint Louis 2010}) 11. Qb3 Bd6 $146 {The position is equal.} ({Predecessor:} 11... dxc4 12. Qxc4 Qd5+ 13. Qxd5 exd5 14. Bf4 f6 15. Nf3 c5 16. dxc5 bxc5 17. Rfd1 {1-0 (51) Planas Garcia,F-Reed Valenzuela,E Buenos Aires 1939}) 12. Nf3 c6 13. Bd2 Nd7 14. Qd3 h6 15. e4 dxe4 16. Qxe4 c5 17. Rad1 Nf6 18. Qd3 Qc7 19. Bc3 cxd4 20. Nxd4 Rfd8 21. b3 a6 22. Qf3 Rac8 23. a4 Be5 24. Rfe1 {[#] Black must now prevent Nxe6!} Nd7 {[%cal Bf6d7,Bd7e5,Be5f3][%mdl 32]} 25. Rxe5 $4 {[%mdl 8192]} (25. Nc6 $1 $14 {keeps the upper hand.} Qxc6 26. Qxc6 Rxc6 27. Rxe5 (27. Bxe5 Rcc8 $11)) 25... Nxe5 $19 26. Nxe6 $2 (26. Qe4) 26... Nxf3 {Precision: White = 40%, Black = 50%.} 0-1

[Event "ESP-ch Seniors 2017"]
[Site "Altea"]
[Date "2017.10.15"]
[Round "9"]
[White "Estrada Martinez, Cesar"]
[Black "Martinez De Soria Gordon, Jose Manuel"]
[Result "1/2-1/2"]
[WhiteElo "2045"]
[BlackElo "1862"]
[Annotator "NA RC"]
[PlyCount "154"]
[EventDate "2017.??.??"]
[EventType "swiss"]
[EventCountry "ESP"]
[SourceTitle "playchess.com"]
[Source "ChessBase"]
[SourceQuality "1"]
[TimeControl "5400+30"]

{[%evp 16,141,23,32767,33,31,25,36,57,52,57,43,52,44,39,40,53,0,31,16,32767,27,32,32767,32767,81,56,32767,284,114,32767,32767,32767,32767,32767,129,118,115,120,108,137,125,32767,150,156,32767,113,148,130,32767,175,132,32767,32767,32767,32767,32767,32767,32767,32767,32767,32767,32767,32767,32767,160,32767,32767,32767,32767,159,152,161,163,160,163,162,170,160,158,164,127,133,32767,32767,32767,32767,32767,32767,32767,32767,32767,141,32767,85,65,123,20,28,20,22,8,16,12,133,139,110,150,87,150,115,22,134,97,8,0,387,8,456,472,135,0,349,283,8,32767,283,8]} 1. Nf3 {[%emt 0:00:00]} Nf6 {[%emt 0:00:18]} 2. c4 {[%emt 0:00:00]} b6 {[%emt 0:00:50]} 3. Nc3 {[%emt 0:00:28]} Bb7 {[%emt 0:00:05]} 4. d4 {[%emt 0:00:16]} e6 {[%emt 0:00:58]} 5. a3 {[%emt 0:00:34]} Ne4 {[%emt 0:00:41]} 6. Nxe4 {[%emt 0:03:47]} Bxe4 {[%emt 0:00:03]} 7. Nd2 {[%emt 0:00:16]} Bb7 {[%emt 0:00:21]} 8. e4 {[%emt 0:00:31]} Be7 {[%emt 0:00:57] E12: Queen's Indian: Unusual White 4th moves, 4 a3, 4 Nc3 Bb7 5 a3 and 4 Nc3 Bb7} (8... Qf6 9. d5 c6 10. Nf3 cxd5 11. cxd5 exd5 12. exd5 Bd6 13. Bc4 O-O 14. O-O Na6 15. Bg5 Qg6 16. b4 Nc7 17. Qd4 {1-0 (45) Bukavshin,I (2657)-Pridorozhni,A (2563) Khanty-Mansiysk 2015}) 9. Bd3 {[%emt 0:01:19]} d6 {[%emt 0:04:42]} 10. O-O {[%emt 0:02:11]} Nd7 {[%emt 0:00:02]} 11. Nf3 {[%emt 0:07:47] LiveBook: 4 Partien} Nf8 $146 {[%emt 0:01:21]} ({Predecessor:} 11... O-O 12. Rb1 c5 13. d5 Bf6 14. Bf4 e5 15. Be3 g6 16. b4 Bg7 {½-½ (85) Javakhishvili,L (2455)-Bodnaruk,A (2415) Khanty-Mansiysk 2012}) 12. Be3 {[%emt 0:04:29]} Qd7 {[%emt 0:00:52]} 13. Qe2 {[%emt 0:01:37]} Ng6 {[%emt 0:00:28]} 14. Rad1 {[%emt 0:03:59]} O-O {[%emt 0:00:17]} 15. Bc2 {[%emt 0:10:58]} Rae8 {[%emt 0:04:37]} 16. e5 {[%emt 0:14:47]} Qc8 {[%emt 0:08:46]} 17. Ng5 {[%emt 0:10:15]} Bxg5 {[%emt 0:08:17]} 18. Bxg5 {[%emt 0:00:11]} h6 {[%emt 0:00:49]} 19. Bc1 {[%emt 0:01:58]} Qd8 {[%emt 0:07:55]} 20. Qh5 {[%emt 0:03:19]} Nh4 {[%emt 0:06:02]} 21. f3 {[%emt 0:04:49]} f5 $2 {[%emt 0:00:47]} (21... Nf5 $14) 22. g3 {[%emt 0:02:41]} (22. exd6 $18 {is more deadly.} cxd6 23. Ba4) 22... Bxf3 {[%emt 0:07:27]} 23. Rxf3 {[%emt 0:00:26]} Nxf3+ {[%emt 0:00:04]} 24. Qxf3 {[%emt 0:00:03]} dxe5 {[%emt 0:00:34]} 25. dxe5 {[%emt 0:00:23]} Qe7 {[%emt 0:00:05]} 26. Be3 {[%emt 0:01:56]} Rd8 {[%emt 0:00:06]} 27. Qc6 {[%emt 0:05:55]} g5 {[%emt 0:00:26]} 28. Rf1 {[%emt 0:02:43]} Qd7 {[%emt 0:00:26]} 29. Qxd7 Rxd7 {[%emt 0:00:01]} 30. h4 {[%emt 0:01:53]} Rg7 {[%emt 0:00:53]} 31. hxg5 {[%emt 0:01:26]} hxg5 {[%emt 0:02:04]} 32. c5 {[%emt 0:02:05]} Rd8 {[%emt 0:00:33]} (32... f4 $16 {was necessary.}) 33. Kf2 {[%emt 0:03:17]} Kf7 {[%emt 0:00:58]} 34. Ke2 {[%emt 0:00:20]} Ke7 {[%emt 0:01:48]} 35. Bb3 {[%emt 0:00:42]} Rh8 {[%emt 0:00:51]} 36. Rf2 {[%emt 0:01:09]} Rh3 {[%emt 0:02:53]} 37. Rg2 {[%emt 0:00:27]} Rg6 {[%emt 0:00:19]} 38. Bc2 {[%emt 0:00:39]} Rg8 {[%emt 0:00:32]} 39. Kf2 {[%emt 0:00:46]} Rh5 {[%emt 0:01:02]} 40. g4 {[%emt 0:02:21]} fxg4 {[%emt 0:07:55]} 41. Rxg4 {[%emt 0:00:23]} Rh2+ {[%emt 0:01:05]} 42. Rg2 {[%emt 0:00:01]} Rf8+ {[%emt 0:00:33]} 43. Kg1 {[%emt 0:00:36]} Rxg2+ {[%emt 0:00:18]} 44. Kxg2 {[%emt 0:00:01]} g4 {[%emt 0:00:17]} 45. Be4 {[%emt 0:02:21]} Rh8 {[%emt 0:01:42]} 46. Bf2 {[%emt 0:02:07]} Kf7 {[%emt 0:01:19]} 47. Kg3 {[%emt 0:00:57]} Rh5 {[%emt 0:01:08]} 48. Kxg4 {[%emt 0:00:41]} Rxe5 {[%emt 0:00:21]} 49. Kf4 {[%emt 0:00:12]} Rh5 {[%emt 0:00:16]} 50. cxb6 {[%emt 0:00:22]} axb6 {[%emt 0:00:35]} 51. Ke3 {[%emt 0:01:52]} Rb5 {[%emt 0:01:26]} 52. b4 {[%emt 0:00:01]} Rh5 {[%emt 0:00:11]} 53. Bg3 {[%emt 0:00:32]} c5 {[%emt 0:04:49]} 54. bxc5 {[%emt 0:00:19]} Rxc5 {[%emt 0:00:28]} 55. Bd6 {[%emt 0:00:15]} Rh5 {[%emt 0:01:36]} (55... Rc1 $14) 56. Bb4 {[%emt 0:00:26]} (56. Kd4 $16) 56... e5 {[%emt 0:01:49]} 57. Bd5+ {[%emt 0:00:29]} Kf6 $1 {[%emt 0:00:33]} 58. Kd3 {[%emt 0:00:34]} Rh4 {[%emt 0:00:54]} 59. Be4 {[%emt 0:00:38]} b5 {[%emt 0:00:40]} (59... Rh3+ $11 {remains equal.} 60. Kc4 Ke6) 60. Bc6 {[%emt 0:00:24]} Rd4+ {[%emt 0:00:28]} ({Better is} 60... Ke6 $14) 61. Ke3 {[%emt 0:00:09]} Ke6 {[%emt 0:01:10]} 62. Bxb5 {[%emt 0:00:14]} Kd5 {[%emt 0:00:10]} 63. Ba6 {[%emt 0:00:26]} Kc6 {[%emt 0:00:21]} (63... Rh4 $1 $14) 64. Bd3 {[%emt 0:00:17]} Rxd3+ {[%emt 0:00:16]} 65. Kxd3 {[%emt 0:00:51]} Kb7 {[%emt 0:03:13]} 66. Ke4 {[%emt 0:00:03]} Ka8 {[%emt 0:00:12]} 67. Bc5 {[%emt 0:00:49]} Kb7 {[%emt 0:00:06]} 68. Be3 {[%emt 0:00:11]} Ka8 {[%emt 0:00:06]} 69. Kd5 {[%emt 0:01:56]} e4 {[%emt 0:00:10]} 70. Kc6 {[%emt 0:00:09]} Kb8 {[%emt 0:00:11]} 71. a4 $11 {[%emt 0:00:21]} ({White should try} 71. Bf4+ $18 Ka8 72. Bh6) 71... Ka8 {[%emt 0:00:13]} 72. Kb6 {[%emt 0:01:07]} Kb8 {[%emt 0:00:11]} 73. Kc6 {[%emt 0:02:03]} Ka8 {[%emt 0:00:07]} 74. Kc5 {[%emt 0:00:13]} Kb8 {[%emt 0:00:08]} 75. a5 {[%emt 0:00:14]} Kb7 {[%emt 0:00:07]} 76. Kb5 {[%emt 0:00:09]} Ka8 {[%emt 0:00:09]} 77. a6 {[%emt 0:00:42]} Kb8 1/2-1/2

[Event "ESP-ch Seniors 2017"]
[Site "Altea"]
[Date "2017.10.15"]
[Round "9"]
[White "Vinal Gutierrez, Pedro"]
[Black "Bautista Sanchez, Joan"]
[Result "1-0"]
[WhiteElo "2041"]
[BlackElo "2123"]
[Annotator "NA"]
[PlyCount "51"]
[EventDate "2017.??.??"]
[EventType "swiss"]
[EventCountry "ESP"]
[SourceTitle "playchess.com"]
[Source "ChessBase"]
[SourceQuality "1"]
[TimeControl "5400+30"]

{[%evp 8,51,25,19,38,47,53,36,48,20,32767,6,32767,36,39,37,39,25,45,30,44,35,33,23,32767,-13,0,-4,26,32767,32767,32767,32767,32767,32767,32767,-14,0,32767,32767,32767,32767,32767,110,32767,452]} 1. d4 {[%emt 0:00:00]} c6 {[%emt 0:00:32]} 2. c4 {[%emt 0:00:00]} Nf6 {[%emt 0:00:07]} 3. Nc3 {[%emt 0:00:00]} d5 {[%emt 0:00:28]} 4. cxd5 {[%emt 0:00:00]} cxd5 {[%emt 0:00:10]} 5. Bf4 {[%emt 0:00:28]} g6 {[%emt 0:02:29]} 6. e3 {[%emt 0:00:28]} Bg7 {[%emt 0:00:47]} 7. Nf3 {[%emt 0:01:54]} O-O {[%emt 0:00:19]} 8. h3 {[%emt 0:01:02] LiveBook: 52 Games D90: Grünfeld: 4 Nf3 Bg7 sidelines} (8. Bd3 Nc6 {½-½ (8) Bruzon Batista,L (2668)-Ortiz Suarez,I (2623) Duran 2014}) 8... Nc6 {[%emt 0:00:19]} 9. Bb5 {[%emt 0:02:09]} Bd7 {[%emt 0:10:37]} 10. O-O {[%emt 0:01:03]} Qb6 {[%emt 0:04:40]} 11. Qe2 {[%emt 0:04:41]} a6 {[%emt 0:01:02]} 12. Ba4 {[%emt 0:02:38]} Qa5 $146 {[%emt 0:03:16]} ({Predecessor:} 12... Rfc8 13. Rfc1 e6 14. Ne5 Nxe5 15. dxe5 Rxc3 16. bxc3 Bxa4 17. exf6 Bxf6 {½-½ (80) Lutsko,I (2399)-Elkin,M (2242) Odessa 2008}) 13. Bb3 {[%emt 0:09:52]} e6 {[%emt 0:03:14]} 14. Rfc1 {[%emt 0:02:31]} Rfc8 {[%emt 0:00:28]} 15. a3 {[%emt 0:03:59]} Qb6 {[%emt 0:04:06]} 16. Nd2 {[%emt 0:08:44]} Na5 {[%emt 0:07:11]} 17. Qd1 $1 {[%emt 0:02:06]} Ne4 {[%emt 0:11:18]} 18. Ncxe4 {[%emt 0:01:52]} dxe4 {[%emt 0:00:03]} 19. Rc3 {[%emt 0:02:57]} Rxc3 {[%emt 0:01:33]} 20. bxc3 {[%emt 0:00:52]} Nxb3 {[%emt 0:04:10]} 21. Qxb3 {[%emt 0:00:17]} Qxb3 {[%emt 0:02:24]} 22. Nxb3 {[%emt 0:00:14]} Bf8 {[%emt 0:00:45]} 23. c4 {[%emt 0:02:05]} b6 {[%emt 0:03:46]} 24. Nd2 {[%emt 0:03:06]} Rc8 {[%emt 0:00:38]} 25. Nxe4 {[%emt 0:01:24]} Rxc4 {[%emt 0:00:46]} 26. Nf6+ $18 1-0